Чешско-русский словарь: 52 000 слов

Podrobná bibliografie
Hlavní autor: Павлович А. И. Андрей Иванович
Jazyk:čeština
ruština
Vydáno: Москва, Советская энциклопедия, 1967
Vydání:5-е изд., испр. и доп.
Témata:
Médium: MixedMaterials Kniha
KOHA link:https://koha.lib.tpu.ru/cgi-bin/koha/opac-detail.pl?biblionumber=23434

MARC

LEADER 00000nam0a2200000 4500
001 23434
005 20231030195528.0
035 |a (RuTPU)RU\TPU\book\23653 
035 |a BOOK00023726 
090 |a 23434 
100 |a 20011209d1967 m y0rusy50 ca 
101 0 |a cze  |a rus 
102 |a RU 
105 |a y e 000zy 
200 1 |a Чешско-русский словарь  |e 52 000 слов  |f А. И. Павлович 
205 |a 5-е изд., испр. и доп. 
210 |a Москва  |c Советская энциклопедия  |d 1967 
215 |a 845 с. 
327 0 |a С приложением краткого очерка грамматики чешского языка. 
610 1 |a чешский язык 
610 1 |a словари 
610 1 |a лексика 
686 |a Ш141.5  |v LBC/SL-A  |2 rubbk 
700 1 |a Павлович  |b А. И.  |g Андрей Иванович 
801 0 |a RU  |b 63413507  |c 20011209  |g PSBO 
801 2 |a RU  |b 63413507  |c 20081021  |g PSBO 
942 |c BK